<?xml version="1.0" encoding="UTF-8"?>
<record
    xmlns:xsi="http://www.w3.org/2001/XMLSchema-instance"
    xsi:schemaLocation="http://www.loc.gov/MARC21/slim http://www.loc.gov/standards/marcxml/schema/MARC21slim.xsd"
    xmlns="http://www.loc.gov/MARC21/slim">

  <leader>00808nam a2200157   4500</leader>
  <controlfield tag="008">708 EL48t</controlfield>
  <datafield tag="020" ind1=" " ind2=" ">
    <subfield code="a">3775711562</subfield>
  </datafield>
  <datafield tag="082" ind1=" " ind2=" ">
    <subfield code="a">708</subfield>
    <subfield code="b">EL48t</subfield>
  </datafield>
  <datafield tag="100" ind1=" " ind2=" ">
    <subfield code="a">Elmgreen, Michael </subfield>
    <subfield code="9">6968</subfield>
  </datafield>
  <datafield tag="245" ind1=" " ind2=" ">
    <subfield code="a">Taking place:</subfield>
    <subfield code="b">The works f Michael Elmgreen &amp; Ingar Dragset</subfield>
  </datafield>
  <datafield tag="260" ind1=" " ind2=" ">
    <subfield code="a">Alemania</subfield>
    <subfield code="b">Danish Contemporary Art Foudation </subfield>
    <subfield code="c">2002</subfield>
  </datafield>
  <datafield tag="300" ind1=" " ind2=" ">
    <subfield code="a">148 p.</subfield>
    <subfield code="b">il (col)</subfield>
    <subfield code="c">24,5 x 19 cm</subfield>
  </datafield>
  <datafield tag="505" ind1=" " ind2=" ">
    <subfield code="t">Vorwort / Preface </subfield>
    <subfield code="t">Taking Place </subfield>
    <subfield code="r">Beatrix Ruf</subfield>
    <subfield code="t">Transformierende Handlungen / Transformational Acts. An interview with Michael Elmgreen and Ingar Dragset</subfield>
    <subfield code="r">Coco Fusco </subfield>
    <subfield code="t">Arbeit am White cube / Work on the White Cube </subfield>
    <subfield code="r">Dan Cameron </subfield>
    <subfield code="t">Biografie &amp; Bibliografie / Biography &amp; Bibliography</subfield>
  </datafield>
  <datafield tag="650" ind1=" " ind2=" ">
    <subfield code="x">arte contempor&#xE1;neo </subfield>
    <subfield code="x">arte - exhibiciones </subfield>
    <subfield code="x">cat&#xE1;logo de exhibici&#xF3;n</subfield>
    <subfield code="x">arte - instalaci&#xF3;n</subfield>
    <subfield code="9">6969</subfield>
  </datafield>
  <datafield tag="700" ind1=" " ind2=" ">
    <subfield code="a">Dragset, Ingar </subfield>
    <subfield code="9">6970</subfield>
  </datafield>
  <datafield tag="999" ind1=" " ind2=" ">
    <subfield code="c">1753</subfield>
    <subfield code="d">1753</subfield>
  </datafield>
  <datafield tag="952" ind1=" " ind2=" ">
    <subfield code="0">0</subfield>
    <subfield code="1">0</subfield>
    <subfield code="2">ddc</subfield>
    <subfield code="4">0</subfield>
    <subfield code="7">0</subfield>
    <subfield code="a">LV</subfield>
    <subfield code="b">LV</subfield>
    <subfield code="c">Colectivas</subfield>
    <subfield code="d">2019-03-16</subfield>
    <subfield code="l">0</subfield>
    <subfield code="o">708 EL48t</subfield>
    <subfield code="p">001803</subfield>
    <subfield code="r">2019-03-16 00:00:00</subfield>
    <subfield code="w">2019-03-16</subfield>
    <subfield code="y">01</subfield>
  </datafield>
</record>
